Biggest sources of immigrants to California - Statistics

General Stats
  • This quiz has been taken 71 times
  • The average score is 8 of 10
Answer Stats
Hint Answer % Correct
3,820,641 Mexico
100%
789,573 China
96%
128,811 Canada
95%
579,387 India
95%
800,706 Philippines
88%
517,945 Vietnam
88%
320,162 Korea
82%
422,589 El Salvador
72%
216,689 Iran
63%
174,181 Taiwan
49%
No matching quizzes found
Score Distribution
Percent of People with Each Score
Percentile by Number Answered
Your Score History
You have not taken this quiz